000
00294nam a2200145Ia 4500
100
_a
Infuse Inc
942
_c
RB
654
_a
Computer
245
_a
Making Tom Work
260
_b
Infuse Inc
_a
New Delhi
_c
1995
082
_a
658.562
_b
INF
300
_a
140
546
_a
ENGLISH
999
_c
20803
_d
20803